00872nam a2200241 450000500170000000800410001702000180005804100080007608200180008410000220010224500210012426000130014526000190015826000090017730000180018650500710020450502490027565000240052465000220054894200130057099900170058395200300060020240208144158.0240206b2019 |||||||| |||| 00| 0 spa d a9788417430597 aESP a808.831 P454c aPerrault, Charles aCuentos de hadas aEspaña bEditorial Alma c2019 a158 páginas aCuentos poéticos: Griselda. Piel de asno. Los deseos rídiculos aHistorias o cuentos de antaño: La bella durmiente. Caperucita roja. Barba azul. Maese gato o el gato con botas. Las Hadas. Cenicienta o el zapatito de cristal. Riquete el del Copete. Pulgarcito. La sagaz princesa o las aventuras de Picarilla. aLITERATURA FRANCESA aCUENTOS FRANCESES 2ddccLIT c13609d13609 o808.831 P454cp25882yLIT